Formula one drivers line-up 1988 - Statistics

General Stats
  • This quiz has been taken 163 times
  • The average score is 21 of 36
Answer Stats
Constructor Rounds Driver Nationality % Correct
Lotus All Nelson Piquet Brazil
87%
McLaren All Ayrton Senna Brazil
84%
McLaren All Alain Prost France
79%
Lotus All Satoru Nakajima Japan
77%
Williams 1-10, 13-16 Nigel Mansell UK
76%
Williams 11 Martin Brundle UK
72%
Williams All Riccardo Patrese Italy
72%
Ferrari All Gerhard Berger Austria
71%
Ferrari All Michele Alboreto Italy
65%
Ligier All Stefan Johansson Sweden
65%
Benetton All Thierry Boutsen Belgium
65%
Ligier All René Arnoux France
64%
Tyrrell All Jonathan Palmer UK
61%
Rial All Andrea de Cesaris Italy
59%
Arrows All Eddie Cheever USA
57%
Lola 15 Aguri Suzuki Japan
56%
Arrows All Derek Warwick UK
56%
Benetton All Alessandro Nannini Italy
55%
March All Ivan Capelli Italy
55%
March All Maurício Gugelmin Brazil
55%
Lola All Philippe Alliot France
55%
Zakspeed All Piercarlo Ghinzani Italy
55%
EuroBrun All Stefano Modena Italy
55%
Williams 12 Jean-Louis Schlesser France
53%
Osella All Nicola Larini Italy
53%
Minardi 6-16 Pierluigi Martini Italy
53%
Tyrrell All Julian Bailey UK
51%
AGS All Philippe Streiff France
51%
Dallara All Alex Caffi Italy
48%
Zakspeed All Bernd Schneider Germany
48%
Minardi All Luis Pérez-Sala Spain
48%
Minardi 1-5 Adrián Campos Spain
47%
Coloni All Gabriele Tarquini Italy
47%
EuroBrun All Oscar Larrauri Argentina
47%
Lola 1-14 Yannick Dalmas France
47%
Lola 16 Pierre-Henri Raphanel France
44%
No matching quizzes found
Score Distribution
Percent of People with Each Score
Percentile by Number Answered
Your Score History
You have not taken this quiz